Les 20 préfectures les plus proches de Basse-Terre - Statistiques

Statistiques générales
  • Ce quiz a été pris 93 fois
    90 depuis la dernière actualisation
  • Le résultat moyen est 16 sur 20
Statistiques - réponses
distance (en km) ville préfecture % Correct
6 507 Bordeaux
96%
6 478 Nantes
93%
171 Fort de France
92%
6 476 La Roche sur Yon
92%
6 310 Quimper
90%
6 489 Rennes
89%
6 487 La Rochelle
88%
6 499 Pau
88%
6 400 Vannes
88%
1 604 Cayenne
86%
6 420 Saint Brieuc
86%
6 497 Mont de Marsan
83%
6 558 Angers
76%
6 554.10 Laval
75%
6 542 Niort
75%
6 578 Angouleme
74%
6 554.22 Saint Lo
70%
6 591 Agen
69%
6 533 Tarbes
69%
6 580 Auch
62%
Aucun quiz correspondant
Distribution des résultats
% des personnes avec chaque résultat
Percentile par nombre de réponses
Votre historique - résultats
Vous n’avez pas pris ce quiz depuis la dernière actualisation